000
00268nam a22001217a 4500
008
171124b xxu||||| |||| 00| 0 eng d
041
_a
eng
080
_a
7
100
_a
44
101
_a
ART
245
_a
PICASSO HIS GRAPHIC ART
_c
ROCKEFELLER,J,D
942
_2
udc
_c
BK
999
_c
38429
_d
38429